Mort subite - Roi de France - Statistiques

Statistiques générales
  • Ce quiz a été pris 461 fois
  • Le résultat moyen est 3 sur 7
Answers on the Grid
Answers color-coded by a green-red scale on the quiz's grid according to % correct below.
Louis XIV
Henri VII
Charles IX
Louis XVII
François II
Clovis V
Thierry IV
Philippe VII
Richard Ier
Jean II
Dagobert Ier
Louis XVIII
 
Statistiques - réponses
Réponse % Correct
Louis XIV
98%
Charles IX
53%
Louis XVIII
50%
Dagobert Ier
49%
François II
38%
Jean II
23%
Thierry IV
12%
Aucun quiz correspondant
Distribution des résultats
% des personnes avec chaque résultat
Percentile par nombre de réponses
Votre historique - résultats
Vous n’avez pas pris ce quiz